| 000 | 003620000a22001090004500 | ||
|---|---|---|---|
| 090 |
_aAs _bSeriadas |
||
| 245 | 1 | 0 |
_aBosques y reforestación _suna inversión libre de enfermedades patológicas epidemicas |
| 041 | 0 | _aEspañol | |
| 100 | 1 |
_aBuriticá Céspedes, Pablo _999834 |
|
| 942 | _cARTICULO | ||
| 773 | 1 |
_tCrónica Forestal y del Medio Ambiente _h10 _q135-146 _d1995 |
|
| 999 |
_c15570 _d15570 |
||